Nhiếp ảnh Dương Thanh Hiền "Hà Giang trong tôi và những vùng đất tôi qua"

Tallennettuna:
Bibliografiset tiedot
Päätekijä: Dương, Thanh Hiền
Aineistotyyppi: Kirja
Kieli:Undetermined
Julkaistu: H. Hội Nhà văn 2018
Aiheet:
Linkit:http://lrc.tdmu.edu.vn/opac/search/detail.asp?aID=2&ID=40611
Tagit: Lisää tagi
Ei tageja, Lisää ensimmäinen tagi!
Thư viện lưu trữ: Trung tâm Học liệu Trường Đại học Thủ Dầu Một
LEADER 00723nam a2200193Ia 4500
001 TDMU_40611
008 210410s9999 xx 000 0 und d
082 |a 658.3 
090 |b D561 
100 |a Dương, Thanh Hiền 
245 0 |a Nhiếp ảnh Dương Thanh Hiền "Hà Giang trong tôi và những vùng đất tôi qua" 
245 0 |c Dương Thanh Hiền 
260 |a H. 
260 |b Hội Nhà văn 
260 |c 2018 
300 |a 193 tr. 
650 |a Nhiếp ảnh  |z Việt Nam  |v Sách ảnh; Hà Giang (Việt Nam)  |x Nhiếp ảnh 
856 |u http://lrc.tdmu.edu.vn/opac/search/detail.asp?aID=2&ID=40611 
980 |a Trung tâm Học liệu Trường Đại học Thủ Dầu Một